Представление документа в формате RUSMARC

ПолеНазваниеЗначение
  Тип записи a
  Библиографический уровень m
001 Контрольный номер RU/SLIB/B/208784914
005 Дата корректировки 20201206204357.8
010 Индекс ISBN __
a ISBN 5-06-005237-0
d Цена 153-89
021 № государственной регистрации __
b № документа 2005-6045
b № документа 308
100 Данные общей обработки __
a Данные общей обработки 19050216d2005 |||y0rusy0189 ca
101 Язык документа __
a Язык текста rus
c Язык оригинала rus
102 Страна публикации __
a Страна публикации ru
105 Кодированные данные (монография) __
a Кодированные данные (монография) y |||||||zy
200 Заглавие и сведения об ответственности 1_
a Заглавие Основы музейного дела
e Сведения, относящиеся к заглавию теория и практика : учеб. пособие для студентов пед. и гуманит. высш. учеб. заведений
f Первые сведения об ответственности Л. М. Шляхтина
b Общее обозначение материала Текст
210 Выходные данные __
a Место издания М.
c Издательство Высш. шк.
d Дата издания 2005
215 Физическое описание __
a Объем 182, [2] с.
225 Серия __
a Серия Образование через искусство
320 Библиография __
a Библиография Библиогр. в конце ст. и в подстроч. прим.
330 Аннотация __
a Аннотация Пособие для подготовки музейных работников разных уровней квалификации.
606 Тематические рубрики __
a Основная рубрика Музейное дело. Музееведение
606 Тематические рубрики __
a Основная рубрика Общие вопросы музейного дела
606 Тематические рубрики __
a Основная рубрика Теория и методика музейного дела
610 Ключевые слова __
a Ключевые слова музеи; менеджмент; маркетинг; музееведение; музейный маркетинг; музейный менеджмент; музейные экспонаты; музейные фонды; музейные экскурсии; образовательная деятельность; выставочная деятельность; научно-исследовательская деятельность; социокультурные функции; музейное дело
686 Индексы других классификаций __
a Классификационный индекс 79.1я73
700 Автор _1
a Фамилия Шляхтина
b Имя Л. М.
g Полное личное имя Людмила Михайловна
4 Код отношения 070
801 Источник записи _0
a Страна ru
b Организация Муниципальное бюджетное учреждение культуры "Централизованная библиотечная система" г. Сургут (Центральная городская библиотека им. А. С. Пушкина)
c Дата составления 20050216
g Правила каталогизации КиК/Цаплина
801 Источник записи _1
a Страна ru
b Организация Муниципальное бюджетное учреждение культуры "Централизованная библиотечная система" г. Сургут (Центральная городская библиотека им. А. С. Пушкина)
c Дата составления 20050216
g Правила каталогизации КиК/Цаплина
852 Данные о местонахождении __
j Шифр хранения 79.1я73
c Каталожный индекс 79.1я73
i Авторский знак Ш 70
p Инвентарный номер 06031096
901 Тип документа __
t Тип документа m
903 Характеристики (МАРС) __
a Дата передачи 20060302
969 Тип издания __
a Тип издания учебное пособие
990 Данные о заказе (DOS) __
t N записи в КСУ для И/У (DOS) 200603
j Количество экземпляров (DOS) 1